[Event "Muensterland Verbandsliga 1718"]
[Site "Germany"]
[Date "2018.03.03"]
[Round "7.2"]
[White "Voss, Norbert"]
[Black "Melkert, Tim"]
[Result "1/2-1/2"]
[WhiteElo "1850"]
[BlackElo "1946"]
[PlyCount "21"]
[EventDate "2017.09.09"]
[EventType "team-tourn"]
[EventRounds "9"]
[EventCountry "GER"]
[SourceTitle "EXT 2019"]
[Source "ChessBase"]
[SourceDate "2018.10.10"]
[SourceVersion "1"]
[SourceVersionDate "2018.10.10"]
[SourceQuality "1"]
[WhiteTeam "Muenster SK IV"]
[BlackTeam "Nienberge II"]
[WhiteTeamCountry "GER"]
[BlackTeamCountry "GER"]

1. c4 b6 2. Nc3 Bb7 3. e4 e6 4. Nf3 Bb4 5. Bd3 Ne7 6. 0-0 0-0 7. a3 Bxc3 8. dxc3 d6 9. Qe2 Nd7 10. b4 e5 11. Nh4 1/2-1/2

[Event "Muensterland Verbandsklasse 1617"]
[Site "Germany"]
[Date "2016.09.24"]
[Round "1.2"]
[White "Melkert, Tim"]
[Black "Bernink, Henk"]
[Result "1-0"]
[WhiteElo "1880"]
[BlackElo "2107"]
[PlyCount "90"]
[EventDate "2016.09.24"]
[EventType "team"]
[EventRounds "9"]
[EventCountry "GER"]
[SourceTitle "EXT 2018"]
[Source "ChessBase"]
[SourceDate "2017.10.13"]
[SourceVersion "1"]
[SourceVersionDate "2017.10.13"]
[SourceQuality "1"]
[WhiteTeam "Nienberge II"]
[BlackTeam "Metelen"]
[WhiteTeamCountry "GER"]
[BlackTeamCountry "GER"]

1. e4 c6 2. d4 d5 3. e5 h5 4. Be2 g6 5. Nf3 Bg4 6. Nbd2 e6 7. 0-0 Nh6 8. h3 Nf5 9. c3 Nd7 10. Re1 Bh6 11. Nf1 Bxc1 12. Rxc1 Bxf3 13. Bxf3 Qe7 14. Qd2 0-0-0 15. c4 dxc4 16. Rxc4 Nb6 17. Rb4 Kb8 18. Ne3 c5 19. Nxf5 gxf5 20. Rb5 Rxd4 21. Qa5 Nd5 22. Rxc5 b6 23. Rb5 Rc8 24. Qa6 Rc5 25. Rxc5 Qxc5 26. Bxh5 Rd2 27. Re2 Rd1+ 28. Kh2 Qc1 29. Qa4 Rh1+ 30. Kg3 Qg5+ 31. Bg4 fxg4 32. Qe8+ Kb7 33. Qxf7+ Nc7 34. hxg4 Qh4+ 35. Kf3 Rd1 36. Rc2 Qd8 37. Qh7 Rd3+ 38. Ke2 Rd7 39. Qe4+ Nd5 40. f4 Qh4 41. Kf3 Rf7 42. f5 Kb8 43. Rc6 Nc7 44. f6 Rh7 45. g5 Qxg5 1-0

[Event "Muensterland op 32d"]
[Site "Senden"]
[Date "2014.10.11"]
[Round "1"]
[White "Melkert, Tim"]
[Black "Gutman, Lev"]
[Result "0-1"]
[WhiteElo "1952"]
[BlackElo "2415"]
[PlyCount "60"]
[EventDate "2014.10.??"]
[EventType "swiss"]
[EventRounds "9"]
[EventCountry "GER"]
[SourceTitle "EXT 2017"]
[Source "ChessBase"]
[SourceDate "2016.10.25"]
[SourceVersion "1"]
[SourceVersionDate "2016.10.25"]
[SourceQuality "1"]

1. e4 c5 2. Nf3 d6 3. c3 Nf6 4. Qc2 g6 5. d4 cxd4 6. cxd4 Bg7 7. Nc3 0-0 8. h3 Nc6 9. d5 Nb4 10. Qb3 a5 11. a3 Na6 12. Bxa6 Rxa6 13. 0-0 Nd7 14. Be3 Nc5 15. Qc4 Bd7 16. Bxc5 Qc7 17. e5 Qxc5 18. Qh4 dxe5 19. Ne4 Qc8 20. Rac1 Qd8 21. Rc3 Rb6 22. Rfc1 Rxb2 23. Nc5 h6 24. Nxd7 Qxd7 25. Rc7 Qxd5 26. Rxe7 Qd6 27. Rcc7 Rb1+ 28. Kh2 e4+ 29. g3 Qd1 30. Qxe4 Qh1# 0-1

[Event "Muensterland Verbandsklasse-A 1213"]
[Site "Germany"]
[Date "2013.05.11"]
[Round "9.1"]
[White "Rosing, Hermann"]
[Black "Melkert, Tim"]
[Result "1-0"]
[WhiteElo "2014"]
[BlackElo "1827"]
[PlyCount "76"]
[EventDate "2012.09.15"]
[EventType "team-tourn"]
[EventRounds "9"]
[EventCountry "GER"]
[SourceTitle "EXT 2015"]
[Source "ChessBase"]
[SourceDate "2014.11.20"]
[SourceVersion "1"]
[SourceVersionDate "2014.11.20"]
[SourceQuality "1"]
[WhiteTeam "Ahaus Wessum"]
[BlackTeam "Nienberge II"]
[WhiteTeamCountry "GER"]
[BlackTeamCountry "GER"]

1. e4 e6 2. Nf3 d5 3. e5 c5 4. b4 cxb4 5. d4 Nc6 6. a3 Nh6 7. axb4 Bxb4+ 8. c3 Be7 9. Bd3 Nf5 10. 0-0 0-0 11. Ba3 a5 12. Bxe7 Qxe7 13. Na3 b6 14. Re1 Ba6 15. Bxf5 exf5 16. Qb1 Qe6 17. Ng5 Qg6 18. Nh3 Ne7 19. e6 Rab8 20. Nb5 Bxb5 21. Qxb5 fxe6 22. Nf4 Qf7 23. Nxe6 Rfc8 24. Ng5 Qe8 25. Qe2 Nc6 26. Qf3 Qd7 27. Ne6 Re8 28. Nf4 Re4 29. Reb1 Rbe8 30. g3 Qd8 31. h4 Ne7 32. Nd3 Qc7 33. Nf4 Qd6 34. Rb5 Qc6 35. Rab1 Ng6 36. Nxd5 Re1+ 37. Kg2 Rxb1 38. Rxb1 Qd6 1-0

[Event "Muensterland Verbandsklasse-A 1011"]
[Site "Germany"]
[Date "2010.09.18"]
[Round "1.3"]
[White "Boesel, Alexander"]
[Black "Melkert, Tim"]
[Result "1-0"]
[WhiteElo "1890"]
[BlackElo "1821"]
[PlyCount "41"]
[EventDate "2010.09.18"]
[EventType "team-tourn"]
[EventRounds "9"]
[EventCountry "GER"]
[SourceTitle "EXT 2012"]
[Source "ChessBase"]
[SourceDate "2011.11.24"]
[SourceVersion "1"]
[SourceVersionDate "2011.11.24"]
[SourceQuality "1"]
[WhiteTeam "Olfen"]
[BlackTeam "Nienberge II"]
[WhiteTeamCountry "GER"]
[BlackTeamCountry "GER"]

1. d4 e6 2. c4 f5 3. g3 Nf6 4. Bg2 Be7 5. Nc3 0-0 6. Qb3 c6 7. d5 Na6 8. a3 e5 9. d6 Nc5 10. Qd1 Bxd6 11. Qxd6 Nb3 12. Rb1 Qb6 13. Be3 Nd4 14. Bxd4 exd4 15. c5 Qb3 16. Qxd4 Re8 17. Nf3 Ne4 18. 0-0 Nxc3 19. bxc3 Qxa3 20. Qc4+ Kh8 21. Ng5 1-0